000 00337nam a22001217a 4500
082 _a220 PRO
100 _aMEHAK,QURAT UL AIN,HARRIS,TAIMOOR
_971967
245 _aPR-SOF-1249-SEGWAY ELECTRIC VEHICLE
260 _aISLAMABAD
_bNUST COLLEGE OF EME
_c2013
650 _aDE-MTS-31
700 _aSUPERVISOR DR UMER IZHAR
_970080
942 _cCR
999 _c578214
_d578214